000 00478nam a2200181Ia 4500
005 20250508150242.0
008 008 250505s9999 xx 000 0 eng d
037 _aBooks to be hide in OPAC
040 _aFEDL
_beng
_cFEDL
041 _aeng
_2eng
084 _a028.7, REF/O
_qFEDL
100 _aWinchell Constance M
245 0 _aReference books of 1938-1940
260 _c1941
300 _a106p.
942 _cHB
_h028.7, REF/O
999 _c1322651
_d1322651